| 000 | 00362nam a2200157 a 4500 | ||
|---|---|---|---|
| 001 | 3707 | ||
| 003 | CDMR | ||
| 005 | 20131213135349.0 | ||
| 008 | 130130s1973||||||||||||||||||||||||||||d | ||
| 040 |
_aCDMR _bcat _cCDMR |
||
| 100 | 1 |
_aGiroud, Françoise _92640 |
|
| 245 | 1 | 4 | _aUne poignée d'eau |
| 260 |
_aParis _c1973 _bLaffont |
||
| 300 | _a586 p. | ||
| 942 |
_cMON _2udc |
||
| 999 |
_c3707 _d3707 |
||